[Event "Brazil Foz do Iguacu Open"]
[Site "Foz do Iguacu BRA"]
[Date "2018.05.16"]
[Round "2.13"]
[White "Cubas, Jo"]
[Black "Urquiza, Marcello de Albuque"]
[Result "1-0"]
[WhiteElo "2454"]
[BlackElo "2092"]
[PlyCount "47"]
[EventDate "2018.05.16"]
[EventType "swiss"]
[EventRounds "9"]
[EventCountry "BRA"]
[SourceTitle "The Week in Chess 1228"]
[Source "Mark Crowther"]
[SourceDate "2018.05.21"]
[SourceVersion "1"]
[SourceVersionDate "2018.05.21"]
[SourceQuality "2"]

1. e4 c5 2. Nf3 e6 3. d4 cxd4 4. Nxd4 a6 5. Nc3 Qc7 6. Bd3 Nf6 7. O-O Be7 8. a4
O-O 9. Kh1 d6 10. f4 Nc6 11. Nb3 b6 12. Qf3 Bb7 13. Bd2 Nb4 14. Nd4 Nxd3 15.
cxd3 Rac8 16. Rac1 Qb8 17. Qh3 Rc7 18. Qg3 Rfc8 19. Rce1 Bc6 20. f5 e5 21. Nxc6
Rxc6 22. Nd5 Bd8 23. Bh6 Ne8 24. Bxg7 1-0

[Event "Brazil Foz do Iguacu Open"]
[Site "Foz do Iguacu BRA"]
[Date "2018.05.17"]
[Round "3.4"]
[White "Di Berardino, D."]
[Black "Cubas, Jo"]
[Result "0-1"]
[WhiteElo "2523"]
[BlackElo "2454"]
[PlyCount "38"]
[EventDate "2018.05.16"]
[EventType "swiss"]
[EventRounds "9"]
[EventCountry "BRA"]
[SourceTitle "The Week in Chess 1228"]
[Source "Mark Crowther"]
[SourceDate "2018.05.21"]
[SourceVersion "1"]
[SourceVersionDate "2018.05.21"]
[SourceQuality "2"]

1. d4 d5 2. c4 c6 3. Nf3 Nf6 4. Nc3 a6 5. Bd2 e6 6. c5 Nbd7 7. Qc2 e5 8. dxe5
Ng4 9. Na4 Qe7 10. Bg5 f6 11. exf6 gxf6 12. Bh4 Nxc5 13. h3 Nxa4 14. hxg4 Qb4+
15. Nd2 Be7 16. e4 Bxg4 17. exd5 cxd5 18. Bd3 Rc8 19. Qb3 Nc5 0-1

[Event "Brazil Foz do Iguacu Open"]
[Site "Foz do Iguacu BRA"]
[Date "2018.05.17"]
[Round "4.2"]
[White "Cubas, Jo"]
[Black "Leitao, R."]
[Result "1/2-1/2"]
[WhiteElo "2454"]
[BlackElo "2619"]
[PlyCount "78"]
[EventDate "2018.05.16"]
[EventType "swiss"]
[EventRounds "9"]
[EventCountry "BRA"]
[SourceTitle "The Week in Chess 1228"]
[Source "Mark Crowther"]
[SourceDate "2018.05.21"]
[SourceVersion "1"]
[SourceVersionDate "2018.05.21"]
[SourceQuality "2"]

1. e4 c5 2. Nf3 e6 3. d4 cxd4 4. Nxd4 a6 5. Bd3 Bc5 6. Nb3 Be7 7. O-O d6 8. Qg4
g6 9. Qe2 Nc6 10. Nc3 Qc7 11. f4 Nf6 12. f5 O-O 13. Bh6 Re8 14. Bg5 Qd8 15.
fxg6 fxg6 16. Qf2 Ng4 17. Qf7+ Kh8 18. Bxe7 Qxe7 19. Qxe7 Rxe7 20. Be2 Nge5 21.
Rad1 Nf7 22. Na4 b5 23. Nb6 Rb8 24. Nxc8 Rxc8 25. c3 Kg7 26. Nd4 Nxd4 27. Rxd4
Rc5 28. a4 bxa4 29. Rxa4 a5 30. b4 axb4 31. cxb4 Rc2 32. Ba6 Rb2 33. Rf2 Rb1+
34. Rf1 Rb2 35. Rf2 Rb1+ 36. Rf1 Kg8 37. Bc4 Kg7 38. Ba6 Rb2 39. b5 Ne5 1/2-1/2

[Event "Brazil Foz do Iguacu Open"]
[Site "Foz do Iguacu BRA"]
[Date "2018.05.18"]
[Round "6.1"]
[White "Mareco, S."]
[Black "Cubas, Jo"]
[Result "1/2-1/2"]
[WhiteElo "2637"]
[BlackElo "2454"]
[PlyCount "63"]
[EventDate "2018.05.16"]
[EventType "swiss"]
[EventRounds "9"]
[EventCountry "BRA"]
[SourceTitle "The Week in Chess 1228"]
[Source "Mark Crowther"]
[SourceDate "2018.05.21"]
[SourceVersion "1"]
[SourceVersionDate "2018.05.21"]
[SourceQuality "2"]

1. d4 d5 2. c4 c6 3. Nc3 Nf6 4. Nf3 e6 5. Bg5 Nbd7 6. e3 Qa5 7. cxd5 Nxd5 8.
Rc1 Nxc3 9. bxc3 Ba3 10. Rc2 b6 11. Be2 Ba6 12. O-O Bxe2 13. Qxe2 O-O 14. e4 e5
15. Bh4 Rae8 16. Bg3 Bd6 17. Qc4 Qb5 18. Qxb5 cxb5 19. Rb1 a6 20. c4 bxc4 21.
Rxc4 f6 22. Rc6 Bb8 23. d5 Rc8 24. Nd2 Rxc6 25. dxc6 Nc5 26. Rxb6 Ba7 27. Rb2
Rc8 28. Rc2 Rxc6 29. Kf1 Rd6 30. f3 Ne6 31. Bf2 Bxf2 32. Kxf2 1/2-1/2

[Event "Brazil Foz do Iguacu Open"]
[Site "Foz do Iguacu BRA"]
[Date "2018.05.19"]
[Round "8.2"]
[White "Cubas, Jo"]
[Black "El Debs, F."]
[Result "1/2-1/2"]
[WhiteElo "2454"]
[BlackElo "2545"]
[PlyCount "73"]
[EventDate "2018.05.16"]
[EventType "swiss"]
[EventRounds "9"]
[EventCountry "BRA"]
[SourceTitle "The Week in Chess 1228"]
[Source "Mark Crowther"]
[SourceDate "2018.05.21"]
[SourceVersion "1"]
[SourceVersionDate "2018.05.21"]
[SourceQuality "2"]

1. e4 e5 2. Nf3 Nc6 3. Bc4 Bc5 4. c3 Nf6 5. d3 a6 6. Bb3 Ba7 7. O-O d6 8. Nbd2
O-O 9. h3 h6 10. Re1 Re8 11. Nf1 Be6 12. Be3 Bxe3 13. Nxe3 Bxb3 14. Qxb3 Qd7
15. a4 b6 16. Qc4 Ne7 17. b4 Ng6 18. Kh2 Nf4 19. b5 Qe6 20. Qxe6 fxe6 21. Rad1
axb5 22. g3 Ng6 23. axb5 Ra3 24. c4 Nf8 25. Kg2 N8d7 26. Nc2 Rc3 27. Nb4 Nc5
28. Ra1 Rc8 29. Nd2 Nfd7 30. Re3 Nb3 31. Ra3 Ndc5 32. Re1 Rf8 33. Re3 g5 34.
Re1 Kg7 35. Rea1 Nxa1 36. Rxc3 Ra8 37. Ra3 1/2-1/2

[Event "Brazil Foz do Iguacu Open"]
[Site "Foz do Iguacu BRA"]
[Date "2018.05.20"]
[Round "9.5"]
[White "Perdomo, L."]
[Black "Cubas, Jo"]
[Result "1/2-1/2"]
[WhiteElo "2463"]
[BlackElo "2454"]
[PlyCount "63"]
[EventDate "2018.05.16"]
[EventType "swiss"]
[EventRounds "9"]
[EventCountry "BRA"]
[SourceTitle "The Week in Chess 1228"]
[Source "Mark Crowther"]
[SourceDate "2018.05.21"]
[SourceVersion "1"]
[SourceVersionDate "2018.05.21"]
[SourceQuality "2"]

1. d4 d5 2. c4 c6 3. Nf3 Nf6 4. e3 Bg4 5. Qb3 Qb6 6. Ne5 Bf5 7. Nc3 e6 8. Be2
Nbd7 9. Nxd7 Nxd7 10. Bd2 Be7 11. O-O O-O 12. Rfc1 Rac8 13. Na4 Qa6 14. Nc3 Qb6
15. Na4 Qa6 16. Nc3 Qb6 17. Na4 Qc7 18. cxd5 exd5 19. Nc5 Rfe8 20. Na4 Rf8 21.
Bb4 Bxb4 22. Qxb4 Rfe8 23. Bf3 Be4 24. Bxe4 Rxe4 25. Nc5 Rh4 26. g3 Nxc5 27.
Rxc5 Rh6 28. Rac1 Qd7 29. f3 Qf5 30. Ra1 Qd7 31. Qd2 Rf6 32. Kg2 1/2-1/2